Logo biblioteca
Santa Fe 2917, Rosario, Santa Fe
Lu-Vi 8 a 19.45
+54-341-4232362
bibliotecaeudoro@gmail.com
Facebook Biblioteca Pedagógica
Sitio web

La muerte se desnuda en La Habana / (Registro nro. 32167)

Detalles MARC
000 -CABECERA
campo fijo de control de longitud 00624nam a2200205 4500
003 - IDENTIFICADOR DEL NÚMERO DE CONTROL
campo de control AR-RoBPED
005 - FECHA Y HORADE LA ULTIMA TRANSACCION
campo de control 20251017142001.0
008 - ELEMENTOS DE LONGITUD FIJA--INFORMACION GENERAL
campo fijo de control de longitud 251017s2017 cl ||||| |||| 00| 1 spa d
020 ## - ISBN
ISBN 9789563840315
040 ## - FUENTE CATALOGADORA
Centro catalogador/agencia de origen AR-RoBPED
041 ## - IDIOMA
Código de idioma para texto/pista de sonido o título independiente spa
100 1# - ENCABEZAMIENTO PRINCIPAL--AUTOR PERSONAL
Nombre de persona Rivera Letelier, Hernán
Fechas nac-muerte 1950-
9 (RLIN) 27818
245 13 - TITULO
Título La muerte se desnuda en La Habana /
Mención de responsabilidad Hernán Rivera Letelier.
260 ## - PUBLICACION
Lugar Santiago :
Editor Alfaguara,
Fecha 2017.
300 ## - DESCRIPCION FISICA
Extensión 177 p.
650 17 - TERMINO DE MATERIA--CONTROLADO
Término controlado LITERATURA CHILENA
9 (RLIN) 297
Término controlado NOVELAS POLICIALES
9 (RLIN) 1746
942 ## - ELEMENTOS KOHA
Fuente de clasificación Universal Decimal Classification
Número Koha K. 32167
Koha tipo de ítem Libro
Clasificación 860(83)-31
Signatura librística RL 68 m
Inventario Inv. 41014
945 ## - PROCESAMIENTO DE LA INFORMACIÓN LOCAL
Catalogador y fecha sa 17/10/2025
Existencias
Estado retirado Estado perdido Fuente de clasificación Estado dañado No se presta Biblioteca propietaria Biblioteca de reserva Fecha de adquisición Procedencia Total de préstamos Signatura topográfica completa Código de barras (nº de inventario) Fecha visto por última vez Catalogador y fecha Tipo de ítem Koha Nota pública
    Universal Decimal Classification     Biblioteca Pedagógica Eudoro Díaz Biblioteca Pedagógica Eudoro Díaz 17/08/2023 Compra   860(83)-31 RL 68 m 41014 17/10/2025 sa 17/10/2025 Libro Se presta 15 días